Loading...
| Literature - British | 0 | 9 | 1 | 0 | 85 | 62 | 95.22 | 7 | 9 | 0.00 | 0.00 |
| Literature - European | 0 | 8 | 2 | 0 | 70 | 77 | 97.75 | 4 | 8 | 0.00 | 0.00 |
| Literature - American | 0 | 6 | 0 | 0 | 60 | 55 | 92.83 | 4 | 6 | 0.00 | 0.00 |
| Mythology | 0 | 6 | 1 | 1 | 55 | 78 | 107.83 | 2 | 6 | 0.00 | 0.00 |
| Literature - World | 0 | 5 | 2 | 1 | 40 | 60 | 106.60 | 4 | 5 | 0.00 | 0.00 |
| Philosophy | 0 | 4 | 1 | 1 | 35 | 74 | 95.50 | 2 | 4 | 0.00 | 0.00 |
| Fine Arts - Painting and Sculpture | 0 | 2 | 0 | 0 | 20 | 91 | 92.00 | 1 | 2 | 0.00 | 0.00 |
| Social Science | 0 | 2 | 2 | 0 | 10 | 68 | 85.50 | 1 | 2 | 0.00 | 0.00 |
| Fine Arts - Other | 0 | 1 | 0 | 1 | 10 | 128 | 128.00 | 0 | 1 | 0.00 | 0.00 |
| Pop Culture | 0 | 1 | 0 | 0 | 10 | 42 | 42.00 | 1 | 1 | 0.00 | 0.00 |
| Religion | 0 | 2 | 2 | 0 | 10 | 51 | 64.00 | 2 | 2 | 0.00 | 0.00 |
| History - Other | 0 | 0 | 1 | 0 | -5 | 0.00 | 0 | 0 | 0.00 | 0.00 |